MARC details
| 000 -LÍDER |
| campo de controle de tamanho fixo |
01443nam a22003737a 4500 |
| 001 - NÚMERO DE CONTROLE |
| campo de controle |
BR8700735 |
| 003 - IDENTIFICADOR DO NÚMERO DE CONTROLE |
| campo de controle |
BR-BrBNA |
| 005 - DATA E HORÁRIO DA ÚLTIMA TRANSAÇÃO |
| campo de controle |
20230928092348.0 |
| 007 - CAMPO FIXO DE DESCRIÇÃO FÍSICA--INFORMAÇÃO GERAL |
| campo de controle de tamanho fixo |
ta |
| 008 - CAMPO DE DADOS FIXOS--INFORMAÇÃO GERAL |
| campo de controle de tamanho fixo |
230509b bl.||||| |||| 00| 0 por d |
| 040 ## - FONTE DA CATALOGAÇÃO |
| Instituição da catalogação original |
BR-BrBNA |
| Idioma da catalogação |
por |
| Instituição que transcreveu o registro |
Biblioteca Nacional de Agricultura |
| 041 ## - CÓDIGO DE IDIOMA |
| Código do idioma do texto/trilha sonora ou título diferente |
(Por) |
| 072 ## - CÓDIGO DE CATEGORIA DE ASSUNTO |
| Código de Categoria de Assunto |
M01; M11 |
| Código do objeto |
4600 |
| -- |
/G514 |
| 090 ## - NÚMERO DE CHAMADA LOCAL |
| -- |
4600 BR8700735 |
| 100 1# - ENTRADA PRINCIPAL--NOME PESSOAL |
| Nome pessoal |
Rebelo Neto, J.E. |
| 100 1# - ENTRADA PRINCIPAL--NOME PESSOAL |
| Nome pessoal |
Poli, C.R. |
| 100 1# - ENTRADA PRINCIPAL--NOME PESSOAL |
| Nome pessoal |
Nascimento, P.A.M. do |
| 100 1# - ENTRADA PRINCIPAL--NOME PESSOAL |
| Nome pessoal |
Tremel, E. |
| 100 1# - ENTRADA PRINCIPAL--NOME PESSOAL |
| Nome pessoal |
Roczanski, M. |
| 110 1# - ENTRADA PRINCIPAL--NOME CORPORATIVO |
| Nome corporativo ou nome da jurisdição |
Universidade Federal de Santa Catarina, Florianopolis (Brasil). Depto. de Biologia; |
| 9 (RLIN) |
10912 |
| 110 1# - ENTRADA PRINCIPAL--NOME CORPORATIVO |
| Nome corporativo ou nome da jurisdição |
Associacao de Credito e Assistencia Pesqueira de Santa Catarina, Florianopolis (Brasil); |
| 9 (RLIN) |
414 |
| 110 1# - ENTRADA PRINCIPAL--NOME CORPORATIVO |
| Nome corporativo ou nome da jurisdição |
Superintendencia do Desenvolvimento da Pesca, Florianopolis, SC (Brasil) |
| 9 (RLIN) |
10074 |
| 245 1# - TÍTULO |
| Título |
Relatorio conclusivo dos trabalhos realizados para estudar e definir a viabilidade tecnica do emprego de redes de caceio e arrasto [Santa Catarina, Brasil] |
| 260 3# - PUBLICAÇÃO, DISTRIBUIÇÃO, ETC. |
| Local de publicação, distribuição, etc. |
Florianopolis, SC (Brasil): |
| Data da publicação, distribuição, etc. |
1984. |
| 300 ## - DESCRIÇÃO FÍSICA |
| Extensão |
77 p. |
| 500 ## - NOTA GERAL |
| Nota geral |
39 tables; 6 illus. (*) Documento disponível na(o) Universidade Federal de Santa Catarina, Florianopolis (Brazil). Centro de Ciencias Agrarias |
| 650 ## - ASSUNTO--TERMO TÓPICO |
| Cabeçalho tópico ou nome geográfico |
PESCA |
| 650 ## - ASSUNTO--TERMO TÓPICO |
| Cabeçalho tópico ou nome geográfico |
EQUIPAMENTO PESQUEIRO |
| 650 ## - ASSUNTO--TERMO TÓPICO |
| Cabeçalho tópico ou nome geográfico |
REDE DE ARRASTO |
| 650 ## - ASSUNTO--TERMO TÓPICO |
| Cabeçalho tópico ou nome geográfico |
METODO DE PESCA |
| 650 ## - ASSUNTO--TERMO TÓPICO |
| Cabeçalho tópico ou nome geográfico |
SANTA CATARINA |
| 909 ## - |
| -- |
202309 |
| -- |
Lucia |
| -- |
55 |
| -- |
Lucia Elande |
| 942 ## - ELEMENTOS DE ENTRADA ADICIONADOS (KOHA) |
| Tipo de material Koha |
Livros |